Una deuda de honor (Record no. 157179)

MARC details
000 -LEADER
campo de control de longitud fija 01093nam a22002055i 4500
001 - NÚMERO DE CONTROL
campo de control 157179
003 - IDENTIFICADOR DE NÚMERO DE CONTROL
campo de control ES-MaACL
005 - FECHA Y HORA DE LA ÚLTIMA TRANSACCIÓN
campo de control 20250930063135.0
008 - DATOS DE LONGITUD FIJA--INFORMACIÓN GENERAL
campo de control de longitud fija 990701s1863 sp |||| | spa d
040 ## - FUENTE DE CATALOGACIÓN
Centro catalogador/agencia de origen CLM
Lengua de catalogación spa
Centro/agencia transcriptor CCPB | 3D
100 1# - ENTRADA PRINCIPAL--NOMBRE DE PERSONA
Nombre de persona Lasso de la Vega, Ángel,
Fechas asociadas al nombre 1831-1899
9 (RLIN) 128726
245 14 - MENCIÓN DEL TÍTULO
Título Una deuda de honor
Resto del título : comedia en tres actos y en verso /
Mención de responsabilidad, etc. original de Angel Lasso de la Vega y Argüelles.
260 ## - PUBLICACIÓN, DISTRIBUCIÓN, ETC.
Lugar de publicación, distribución, etc. Madrid :
Nombre del editor, distribuidor, etc. [s.n.],
Fecha de publicación, distribución, etc. 1863 (
Fabricante Imprenta de Jose Rodriguez)
300 ## - DESCRIPCIÓN FÍSICA
Extensión 90 p. ;
Dimensiones 21 cm.
490 1# - MENCIÓN DE SERIE
Mención de serie El Teatro : colección de obras dramáticas y líricas
500 ## - NOTA GENERAL
Nota general En port.: Premiada en el certámen celebrado por el Circo Barcelonés el año de 1862 y representada por vez primera en el mismo teatro el día 24 de marzo de 1863.
830 03 - PUNTO DE ACCESO ADICIONAL DE SERIE-TÍTULO UNIFORME
Título uniforme El teatro: colección de obras dramática y líricas
9 (RLIN) 221753
852 ## - LOCALIZACIÓN
Ubicación ES-MaACL
Número de control de estantería F-8604(1)
Nota libre -- Enc. pasta española
-- -- Ded. ms. del autor
condición física -- Falto de la cub. original
Nota libre --Enc. en un vol. facticio formando parte de la col. facticia "Teatro español moderno", vol. 57
Holdings
Estatus retirado Estado de pérdida Estado de daño No para préstamo Colección Biblioteca de origen Biblioteca actual Ubicación en estantería Fecha de adquisición Total de préstamos Signatura topográfica completa Código de barras Visto por última vez Precio de reemplazo Tipo de ítem Koha
        Libros del s. XIX Biblioteca del Ateneo de Madrid Biblioteca del Ateneo de Madrid Sala Pecera Planta 2 17/01/2008   F-8604(1) 1164456 23/02/2023 23/02/2023 Libro impreso antiguo